[Event "BL 8788 Zähringen-Sindelfingen"]
[Site "?"]
[Date "1988.??.??"]
[Round "?.2"]
[White "Kiefer, G."]
[Black "Fahnenschmidt, G."]
[Result "1/2-1/2"]
[WhiteElo "2220"]
[BlackElo "2335"]
[PlyCount "68"]
[EventDate "1988.??.??"]

1. e4 c5 2. Nf3 d6 3. d4 cxd4 4. Nxd4 Nf6 5. Nc3 Nc6 6. Bc4 Qb6 7. Nb3 e6 8.
Be3 Qc7 9. f4 a6 10. Bd3 b5 11. Qf3 Bb7 12. g4 Nd7 13. O-O-O Nc5 14. Kb1 Be7
15. g5 O-O 16. Qh3 Nb4 17. Rhg1 Nbxd3 18. cxd3 b4 19. Ne2 Nxd3 20. Rxd3 Bxe4
21. Rgd1 Rfc8 22. Ka1 Bxd3 23. Rxd3 Qc2 24. Nbc1 Rc7 25. Qf1 Rac8 26. Qd1 Qc6
27. Nb3 Qg2 28. h4 Qg4 29. Qe1 e5 30. Rd1 Bf8 31. Bd2 Rc4 32. Nec1 exf4 33. Nd3
f3 34. Qf2 Re4 1/2-1/2

[Event "BL 8788 Zähringen-Sindelfingen"]
[Site "?"]
[Date "1988.??.??"]
[Round "?.3"]
[White "Gruenenwald, J."]
[Black "Schuh, H."]
[Result "1/2-1/2"]
[WhiteElo "2330"]
[BlackElo "2320"]
[PlyCount "63"]
[EventDate "1988.??.??"]

1. e4 c5 2. Nf3 e6 3. d4 cxd4 4. Nxd4 Nf6 5. Nc3 d6 6. g4 h6 7. h4 Nc6 8. Rg1
d5 9. exd5 Nxd5 10. Nxd5 Qxd5 11. Bg2 Qc4 12. Nxc6 bxc6 13. Qe2 Qxe2+ 14. Kxe2
Ba6+ 15. Ke1 O-O-O 16. Bxc6 Bb4+ 17. c3 Bc5 18. Rg3 Rd6 19. Ba4 Rhd8 20. b4 Bb6
21. Bc2 Bc4 22. a4 a6 23. Bf4 Rd5 24. a5 g5 25. hxg5 hxg5 26. Be3 Bc7 27. Rh3
f5 28. gxf5 exf5 29. Rd1 Rxd1+ 30. Bxd1 g4 31. Rh7 Be5 32. Bd4 1/2-1/2

[Event "BL 8788 Zähringen-Sindelfingen"]
[Site "?"]
[Date "1988.??.??"]
[Round "?.4"]
[White "Siegel, G."]
[Black "Bialas, W."]
[Result "0-1"]
[WhiteElo "2315"]
[BlackElo "2360"]
[PlyCount "54"]
[EventDate "1988.??.??"]

1. c4 Nf6 2. Nf3 d6 3. g3 e5 4. Bg2 c6 5. Nc3 Be7 6. Qc2 O-O 7. d4 Nbd7 8. O-O
Re8 9. Rb1 Bf8 10. dxe5 Nxe5 11. b3 Bg4 12. Nh4 Ng6 13. Bg5 Nxh4 14. Bxh4 Be7
15. Rbd1 Qd7 16. Rd2 Rad8 17. Rfd1 Qe6 18. Bg5 h6 19. Bf4 Rd7 20. Qd3 $2 g5 21.
f3 Bh5 22. Be3 Bg6 23. Ne4 d5 24. cxd5 cxd5 25. Qb5 dxe4 26. Rxd7 exf3 27. Bxa7
fxe2 0-1

[Event "BL 8788 Zähringen-Sindelfingen"]
[Site "?"]
[Date "1988.??.??"]
[Round "?.5"]
[White "Runau, R."]
[Black "Weindl, A."]
[Result "1/2-1/2"]
[WhiteElo "2335"]
[BlackElo "2295"]
[PlyCount "92"]
[EventDate "1988.??.??"]

1. e4 c5 2. Nf3 Nc6 3. Bb5 g6 4. O-O Bg7 5. c3 Nf6 6. d3 O-O 7. Nbd2 a6 8. Ba4
b5 9. Bb3 d6 10. Re1 e5 11. Nf1 Bb7 12. Bg5 h6 13. Bxf6 Bxf6 14. Bd5 Rb8 15. a4
b4 16. Ne3 Bg5 17. Nc4 Na5 18. Bxb7 Rxb7 19. Nxa5 Qxa5 20. h4 Be7 21. c4 Qc7
22. h5 Qc8 23. Nh2 Bg5 24. Nf1 Qe6 25. Qf3 Rc7 26. Re2 Bf4 27. g3 Qh3 28. Qh1
Qxh1+ 29. Kxh1 Bg5 30. Ne3 Bxe3 31. fxe3 f5 32. hxg6 fxe4 33. dxe4 Rg7 34. Kg2
Rxg6 35. Rf2 Rg4 36. Rxf8+ Kxf8 37. b3 Kg7 38. Rh1 Rg6 39. Rd1 Rf6 40. Rh1 Kg6
41. Rh2 Kg5 42. Rh1 h5 43. Rh2 Rg6 44. Kf3 Rh6 45. Rh4 Rh7 46. Kg2 Rf7 1/2-1/2

[Event "BL 8788 Zähringen-Sindelfingen"]
[Site "?"]
[Date "1988.??.??"]
[Round "?.6"]
[White "Vatter, H."]
[Black "Mohr, S."]
[Result "0-1"]
[WhiteElo "2270"]
[BlackElo "2325"]
[PlyCount "90"]
[EventDate "1988.??.??"]

1. e4 g6 2. d4 Bg7 3. c4 d6 4. Nc3 Nd7 5. Be3 e5 6. d5 Ne7 7. g4 O-O 8. Qd2 f5
9. f3 Nf6 10. h3 c5 11. dxc6 bxc6 12. O-O-O d5 13. cxd5 cxd5 14. exd5 Bb7 15.
Kb1 Rc8 16. gxf5 Nexd5 17. Nxd5 Nxd5 18. Bxa7 gxf5 19. Ne2 Qe7 20. Rg1 f4 21.
Nc1 Rfd8 22. Bd3 Nb4 23. Bc4+ Kh8 24. Qe2 Rxd1 25. Rxd1 Qc7 26. a3 Bxf3 27.
Qxf3 Qxc4 28. axb4 Qc2+ 29. Ka2 Qa4+ 30. Kb1 e4 31. Qb3 Qxa7 32. b5 Ra8 33. Na2
e3 34. b6 Qb7 35. Qe6 e2 36. Qxe2 Qxb6 37. Rd3 Qa7 38. Ra3 Qg1+ 39. Kc2 Rc8+
40. Nc3 Qg6+ 41. Kc1 f3 42. Qxf3 Bh6+ 43. Kd1 Rd8+ 44. Ke1 Qg1+ 45. Qf1 Bd2+
0-1

[Event "BL 8788 Zähringen-Sindelfingen"]
[Site "?"]
[Date "1988.??.??"]
[Round "?.7"]
[White "Sieglen, J."]
[Black "Heim, B."]
[Result "1-0"]
[WhiteElo "2350"]
[BlackElo "2215"]
[PlyCount "61"]
[EventDate "1988.??.??"]

1. d4 Nf6 2. c4 g6 3. Nc3 Bg7 4. e4 d6 5. Nf3 O-O 6. Be2 e5 7. O-O Nc6 8. d5
Ne7 9. b4 Nh5 10. g3 f5 11. Ng5 Nf6 12. f3 c6 13. Be3 f4 14. Bf2 h6 15. Ne6
Bxe6 16. dxe6 Kh7 17. b5 d5 18. bxc6 bxc6 19. cxd5 cxd5 20. Nxd5 Nexd5 21. exd5
Nxd5 22. Bb5 Rc8 23. Bd7 Nc3 24. Qd3 Rc7 25. Rac1 e4 26. fxe4 Qg5 27. Kh1 f3
28. Be3 Qg4 29. e7 Rxd7 30. exf8=N+ Bxf8 31. Qxc3 1-0

[Event "BL 8788 Zähringen-Sindelfingen"]
[Site "?"]
[Date "1988.??.??"]
[Round "?.8"]
[White "Fehling, M."]
[Black "Eppinger, G."]
[Result "1/2-1/2"]
[WhiteElo "2245"]
[BlackElo "2310"]
[PlyCount "100"]
[EventDate "1988.??.??"]

1. e4 c5 2. Nf3 Nc6 3. d4 cxd4 4. Nxd4 Nf6 5. Nc3 d6 6. Bg5 e6 7. Qd2 a6 8.
O-O-O Bd7 9. Be2 h6 10. Bh4 Nxe4 $2 11. Bxd8 Nxd2 12. Bb6 Nxd4 13. Bxd4 Bc6 14.
Rxd2 Bxg2 15. Rg1 Bc6 16. Rg3 Rg8 17. Bf3 d5 18. Re2 Kd7 19. Nb1 Bd6 20. Be5
Bb5 21. Re1 Bc5 22. Rxg7 Rxg7 23. Bxg7 Bxf2 24. Rd1 Be3+ 25. Nd2 f6 26. Kb1 Ke7
27. c4 Be8 28. cxd5 Bg6+ 29. Ne4 Kf7 30. Bxf6 exd5 31. Rxd5 Bxe4+ 32. Bxe4 Kxf6
33. Rd3 Bf4 34. Bxb7 Ra7 35. Rb3 Bxh2 36. Rb6+ Kg5 37. Bxa6 h5 38. Rb5+ Kg6 39.
Bc8 h4 40. b4 Rc7 41. Bf5+ Kf6 42. a4 Be5 43. Be4 h3 44. Rb7 Rxb7 45. Bxb7 Bc3
46. b5 Ke5 47. Kc2 Ba5 48. Kd3 Kd6 49. Kc4 Kc7 50. Bh1 Kb6 1/2-1/2

[Event "BL 8788 Bochum-Solingen"]
[Site "?"]
[Date "1988.??.??"]
[Round "?.1"]
[White "Spassky, B."]
[Black "Keitlinghaus, L."]
[Result "1/2-1/2"]
[WhiteElo "2570"]
[BlackElo "2400"]
[PlyCount "26"]
[EventDate "1988.??.??"]

1. e4 e6 2. d4 d5 3. Nc3 Nc6 4. e5 f6 5. exf6 Nxf6 6. Nf3 Bd6 7. Bb5 O-O 8. O-O
Bd7 9. Re1 Qe8 10. Bxc6 Bxc6 11. Ne5 Bxe5 12. Rxe5 Qf7 13. f3 Rae8 1/2-1/2

[Event "BL 8788 Bochum-Solingen"]
[Site "?"]
[Date "1988.??.??"]
[Round "?.2"]
[White "Thesing, M."]
[Black "Lau, R."]
[Result "1/2-1/2"]
[WhiteElo "2355"]
[BlackElo "2555"]
[PlyCount "102"]
[EventDate "1988.??.??"]

1. e4 c5 2. Nc3 Nc6 3. f4 g6 4. Nf3 Bg7 5. Bc4 e6 6. f5 Nge7 7. fxe6 fxe6 8.
O-O d5 9. exd5 exd5 10. Nxd5 Nxd5 11. Qe1+ Nce7 12. Ng5 Qd7 13. a4 a6 14. d3 h6
15. Nf7 O-O 16. Nxh6+ Bxh6 17. Bxh6 Rxf1+ 18. Qxf1 Nf5 19. Bg5 b6 20. Re1 Bb7
21. Qe2 b5 22. Ba2 Rf8 23. Qe6+ Qxe6 24. Rxe6 Nd4 25. Re5 Rf5 26. Rxf5 gxf5 27.
axb5 axb5 28. c3 Ne6 29. Bd2 Kg7 30. g3 Kf6 31. Kf2 Ke5 32. Ke2 Nf6 33. Be3 Bd5
34. Bb1 Kd6 35. Bc2 Ng4 36. d4 cxd4 37. Bxd4 Nxd4+ 38. cxd4 Ke6 39. h3 Nf6 40.
Ke3 Ne4 41. Kf4 Kf6 42. Bd3 b4 43. h4 Nd6 44. g4 fxg4 45. Kxg4 b3 46. Kf4 Bc4
47. Ke3 Be6 48. Kd2 Nf5 49. Kc3 Nxh4 50. Bc4 Bxc4 51. Kxc4 Nf3 1/2-1/2

[Event "BL 8788 Bochum-Solingen"]
[Site "?"]
[Date "1988.??.??"]
[Round "?.3"]
[White "Lobron, E."]
[Black "Graf, J."]
[Result "1/2-1/2"]
[WhiteElo "2530"]
[BlackElo "2405"]
[PlyCount "103"]
[EventDate "1988.??.??"]

1. e4 c6 2. d4 d5 3. Nd2 dxe4 4. Nxe4 Nd7 5. Nf3 Ngf6 6. Nxf6+ Nxf6 7. h3 Bf5
8. Bd3 Bxd3 9. Qxd3 e6 10. O-O Be7 11. Rd1 O-O 12. c4 Qc7 13. Be3 c5 14. b3
Rad8 15. Qe2 a6 16. Rac1 Rfe8 17. Rd3 h6 18. Rcd1 Bf8 19. a4 cxd4 20. Bxd4 Nd7
21. Ne5 Nxe5 22. Bxe5 Qc8 23. Qe4 Be7 24. Bc3 Qc7 25. Qg4 Bf8 26. Be5 Qc8 27.
Bf6 Rxd3 28. Rxd3 Qc5 29. Rg3 Qf5 30. Qxf5 exf5 31. Bc3 Re2 32. Kf1 Rc2 33. a5
Rc1+ 34. Ke2 Rc2+ 35. Kf1 Rc1+ 36. Ke2 Rc2+ 37. Kd1 Rxf2 38. Rd3 f6 39. Rd8 Kf7
40. Rd7+ Ke6 41. Rxb7 Rxg2 42. Rb6+ Kd7 43. Rxa6 Rg3 44. Kd2 Rg2+ 45. Kd3 Rg3+
46. Kd4 Bd6 47. Be1 Rxb3 48. c5 Bc7 49. c6+ Kd6 50. Kc4 Rxh3 51. Bb4+ Ke6 52.
Ra7 1/2-1/2

[Event "BL 8788 Bochum-Solingen"]
[Site "?"]
[Date "1988.??.??"]
[Round "?.4"]
[White "Sonntag, H."]
[Black "Ostermeyer, P."]
[Result "1/2-1/2"]
[WhiteElo "2405"]
[BlackElo "2450"]
[PlyCount "26"]
[EventDate "1988.??.??"]

1. d4 Nf6 2. c4 e6 3. Nc3 Bb4 4. e3 b6 5. Bd3 Bb7 6. f3 c5 7. Nge2 cxd4 8. exd4
O-O 9. O-O d5 10. Bg5 Be7 11. Be3 dxc4 12. Bxc4 Nc6 13. a3 Na5 1/2-1/2

[Event "BL 8788 Bochum-Solingen"]
[Site "?"]
[Date "1988.??.??"]
[Round "?.6"]
[White "Backwinkel, P."]
[Black "Brunner, L."]
[Result "1/2-1/2"]
[WhiteElo "2310"]
[BlackElo "2440"]
[PlyCount "87"]
[EventDate "1988.??.??"]

1. d4 Nf6 2. c3 g6 3. Bg5 Bg7 4. Nd2 O-O 5. e3 d6 6. Ngf3 Nbd7 7. Be2 b6 8. O-O
Bb7 9. a4 a5 10. Qc2 e5 11. dxe5 dxe5 12. Bb5 c6 13. Be2 Qc7 14. Rfd1 Nc5 15.
Bh4 Nd5 16. Nb3 Ne6 17. Ng5 Nxg5 18. Bxg5 h6 19. Bh4 g5 20. Bg3 f5 21. h3 f4
22. exf4 gxf4 23. Bh2 Nf6 24. Nd2 c5 25. f3 Nd5 26. Nc4 Rad8 27. Kh1 Kh8 28.
Rd2 Nf6 29. Rxd8 Rxd8 30. Rd1 Rxd1+ 31. Qxd1 Bd5 32. Qb3 Nd7 33. Qc2 Qc6 34.
Nd2 c4 35. Bg1 Qe6 36. Qb1 Nf6 37. Qg6 Qc6 38. Bd1 b5 39. Bf2 Ne4 40. Qxc6
Nxf2+ 41. Kg1 Nxh3+ 42. gxh3 Bxc6 43. axb5 Bxb5 44. Be2 1/2-1/2

[Event "BL 8788 Bochum-Solingen"]
[Site "?"]
[Date "1988.??.??"]
[Round "?.7"]
[White "Kavalek, L."]
[Black "Boesken, C."]
[Result "1-0"]
[WhiteElo "2565"]
[BlackElo "2250"]
[PlyCount "51"]
[EventDate "1988.??.??"]

1. d4 Nf6 2. Nf3 b6 3. Bg5 e6 4. Nbd2 Bb7 5. e4 h6 6. Bxf6 Qxf6 7. Bd3 Qd8 8.
Qe2 Be7 9. c3 d6 10. O-O-O Nd7 11. Kb1 c5 12. g4 Qc7 13. Rhg1 O-O-O 14. Ba6 Nf8
15. Bxb7+ Kxb7 16. h4 d5 17. exd5 cxd4 18. cxd4 exd5 19. Rc1 Qd6 20. Ne5 Bxh4
21. Qf3 Nd7 22. Nxf7 Qg6+ 23. Ka1 Nf6 24. Nxh8 Rxh8 25. Nc4 Rd8 26. Nd6+ 1-0

[Event "BL 8788 Porz-Wattenscheid"]
[Site "?"]
[Date "1988.??.??"]
[Round "?.2"]
[White "Hort, V."]
[Black "Sandkamp, R."]
[Result "1-0"]
[WhiteElo "2570"]
[BlackElo "2250"]
[PlyCount "49"]
[EventDate "1988.??.??"]

1. d4 Nf6 2. c4 g6 3. Nc3 Bg7 4. e4 d6 5. Be2 O-O 6. Bg5 c5 7. d5 h6 8. Bf4 b5
9. cxb5 a6 10. Qd2 g5 11. Bg3 axb5 12. Bxb5 Nh5 13. Nge2 Qa5 14. a4 Nxg3 15.
Nxg3 Bxc3 16. bxc3 Qxb5 17. axb5 Rxa1+ 18. Ke2 Rxh1 19. Nxh1 Nd7 20. Ng3 Ne5
21. Qa2 Bd7 22. c4 Nxc4 23. Qxc4 Rb8 24. Qc3 Rxb5 25. e5 1-0

[Event "BL 8788 Porz-Wattenscheid"]
[Site "?"]
[Date "1988.??.??"]
[Round "?.5"]
[White "Franke, J."]
[Black "Fleck, J."]
[Result "0-1"]
[WhiteElo "2220"]
[BlackElo "2385"]
[PlyCount "64"]
[EventDate "1988.??.??"]

1. e4 c5 2. Nc3 Nc6 3. g3 g6 4. Bg2 Bg7 5. d3 d6 6. Be3 e5 7. Nge2 Nge7 8. O-O
O-O 9. Qd2 Nd4 10. f4 Be6 11. Nd1 Qd7 12. c3 Nxe2+ 13. Qxe2 Rac8 14. Nf2 Rfe8
15. g4 exf4 16. Bxf4 Nc6 17. h3 b5 18. Qd2 b4 19. c4 a5 20. Rae1 Bd4 21. Kh2 f6
22. Nd1 g5 23. Bg3 Kg7 24. Ne3 h5 25. Nf5+ Bxf5 26. Rxf5 hxg4 27. Ref1 Ne7 28.
Rxg5+ fxg5 29. Qxg5+ Ng6 30. Bf4 Rh8 31. e5 dxe5 32. Be4 g3+ 0-1

[Event "BL 8788 Porz-Wattenscheid"]
[Site "?"]
[Date "1988.??.??"]
[Round "?.7"]
[White "Hirsch, S."]
[Black "Heinbuch, D."]
[Result "1/2-1/2"]
[WhiteElo "2240"]
[BlackElo "2380"]
[PlyCount "57"]
[EventDate "1988.??.??"]

1. e4 c5 2. Nf3 Nc6 3. d4 cxd4 4. Nxd4 Nf6 5. Nc3 d6 6. Be2 e5 7. Nf3 h6 8. O-O
Be6 9. Re1 Be7 10. h3 O-O 11. Bf1 Rc8 12. Nd5 Bxd5 13. exd5 Nb4 14. c4 a5 15.
Bd2 Na6 16. a3 Nd7 17. b4 Bf6 18. Re4 Ra8 19. Rc1 axb4 20. axb4 b6 21. Bd3 Nc7
22. Bb1 Re8 23. Re2 Nf8 24. Be3 Na6 25. Qb3 Nb8 26. Ra2 Nbd7 27. Be4 Qc7 28.
Rca1 Rxa2 29. Rxa2 1/2-1/2

[Event "BL 8788 Bamberg-Erlangen"]
[Site "?"]
[Date "1988.??.??"]
[Round "?.1"]
[White "Unzicker, W."]
[Black "Zysk, R."]
[Result "1/2-1/2"]
[WhiteElo "2465"]
[BlackElo "2400"]
[PlyCount "63"]
[EventDate "1988.??.??"]

1. e4 e6 2. d4 d5 3. Nc3 Bb4 4. e5 c5 5. Bd2 Ne7 6. Nb5 Bxd2+ 7. Qxd2 O-O 8.
dxc5 Nd7 9. Qc3 a6 10. Nd6 Qc7 11. f4 f6 12. Nf3 fxe5 13. fxe5 Qxc5 14. Qxc5
Nxc5 15. Bd3 Bd7 16. O-O Nc8 17. Ng5 Nxd3 18. Rxf8+ Kxf8 19. Rf1+ Kg8 20. cxd3
Nxd6 21. exd6 h6 22. Nf3 Rd8 23. Ne5 Bb5 24. Rf7 Rxd6 25. Rxb7 d4 26. Re7 Kf8
27. Ng6+ Kg8 28. Nf4 Bd7 29. Nh5 Bb5 30. Rxg7+ Kf8 31. Rg3 Rc6 32. Rf3+ 1/2-1/2

[Event "BL 8788 Bamberg-Erlangen"]
[Site "?"]
[Date "1988.??.??"]
[Round "?.3"]
[White "Huenerkopf, H."]
[Black "Hartmann, G."]
[Result "1/2-1/2"]
[WhiteElo "2255"]
[BlackElo "2330"]
[PlyCount "50"]
[EventDate "1988.??.??"]

1. e4 d5 2. exd5 Nf6 3. c4 e6 4. dxe6 Bxe6 5. Nf3 Nc6 6. Be2 Bc5 7. O-O Qd7 8.
b4 Bd4 9. Nxd4 Nxd4 10. Bb2 O-O-O 11. a4 Rhe8 12. Re1 Bf5 13. Na3 Qe7 14. Bxd4
Rxd4 15. d3 Qd8 16. Nc2 Rd7 17. Ra3 Ne4 18. Qc1 Nf6 19. Qd2 h5 20. Bf1 Rxe1 21.
Nxe1 Ng4 22. a5 Ne5 23. Qf4 Qf6 24. a6 b6 25. b5 g5 1/2-1/2

[Event "BL 8788 Bamberg-Erlangen"]
[Site "?"]
[Date "1988.??.??"]
[Round "?"]
[White "Ramos, D."]
[Black "Kurz, A."]
[Result "1/2-1/2"]
[WhiteElo "2310"]
[BlackElo "2305"]
[PlyCount "102"]
[EventDate "1988.??.??"]

1. e4 c5 2. Nc3 Nc6 3. g3 g6 4. Bg2 Bg7 5. d3 d6 6. f4 e6 7. Nf3 Nge7 8. O-O
O-O 9. Be3 b6 10. Bf2 Ba6 11. g4 f5 12. Ng5 Qd7 13. exf5 exf5 14. Re1 Rae8 15.
Ne6 Rf7 16. Nd5 Nxd5 17. Nxg7 Rxe1+ 18. Qxe1 Nxf4 19. Qe8+ Kxg7 20. Qxd7 Rxd7
21. Bxc6 Re7 22. gxf5 gxf5 23. Re1 Rxe1+ 24. Bxe1 Kf6 25. Bh4+ Ke6 26. Kf2 Ng6
27. Bg5 d5 28. Be8 Ne5 29. Kg3 d4 30. b3 b5 31. Bc1 c4 32. bxc4 bxc4 33. dxc4
Nxc4 34. Kf4 Bb7 35. Bb5 Nd6 36. Ba4 Bd5 37. Bb2 Bxa2 38. Bxd4 a6 39. Bc6 Bd5
40. Ba4 Ne4 41. h4 Bc4 42. Bc6 Nf6 43. Bb7 Nd5+ 44. Kg5 f4 45. Bc8+ Kd6 46. Bf5
h6+ 47. Kxh6 Ne3 48. Be4 Bd5 49. Bd3 a5 50. Kg5 Ng2 51. h5 Ne1 1/2-1/2

[Event "BL 8788 Bayern-Bamberg"]
[Site "?"]
[Date "1988.??.??"]
[Round "?.3"]
[White "Hartmann, G."]
[Black "Bischoff, K."]
[Result "0-1"]
[WhiteElo "2330"]
[BlackElo "2460"]
[PlyCount "62"]
[EventDate "1988.??.??"]

1. e4 c5 2. Nf3 e6 3. d4 cxd4 4. Nxd4 a6 5. Nc3 Qc7 6. Bd3 Nf6 7. Bg5 Be7 8. f4
d6 9. Nf3 Nc6 10. Qe2 h6 11. Bh4 Nh5 12. Qd2 Bxh4+ 13. Nxh4 Nf6 14. O-O-O b5
15. Bxb5 axb5 16. Nxb5 Qb8 17. Nxd6+ Ke7 18. Kb1 Rd8 19. e5 Ne4 20. Qe3 Nxd6
21. exd6+ Kf8 22. Qe4 Rxd6 23. Qh7 Ne7 24. Rhe1 Ra4 25. g3 Bb7 26. f5 Be4 27.
Qh8+ Ng8 28. fxe6 Rxe6 29. Rxe4 Raxe4 30. Nf5 Rg6 31. b3 Qe8 0-1

[Event "BL 8788 Bayern-Bamberg"]
[Site "?"]
[Date "1988.??.??"]
[Round "?.4"]
[White "Hickl, J."]
[Black "Meister, P."]
[Result "1-0"]
[WhiteElo "2455"]
[BlackElo "2370"]
[PlyCount "145"]
[EventDate "1988.??.??"]

1. g3 d5 2. Bg2 c6 3. b3 Bg4 4. Bb2 e6 5. h3 Bh5 6. d3 Nf6 7. Nd2 Nbd7 8. g4
Bg6 9. e3 h5 10. g5 Ng8 11. h4 f6 12. Bh3 Qe7 13. f4 Bf5 14. Qe2 O-O-O 15.
O-O-O Bxh3 16. Rxh3 Qf7 17. Ngf3 Ne7 18. gxf6 gxf6 19. Rf1 Rg8 20. Nd4 c5 21.
Nb5 Nf5 22. Qe1 a6 23. Nc3 Bh6 24. Ne2 Rg2 25. e4 Nd6 26. Kb1 Rdg8 27. Rf2 R2g4
28. a4 Qh7 29. Qh1 e5 30. fxe5 fxe5 31. Nf3 dxe4 32. Nxe5 Nxe5 33. Bxe5 Qe7 34.
Qh2 Nf7 35. Bf6 Qe6 36. Bc3 Bg7 37. Re3 Nd6 38. Kb2 Qd7 39. Bxg7 Qxg7+ 40. Nc3
Qd4 41. Rfe2 Rg2 42. Rxg2 Rxg2 43. Qxg2 Qxe3 44. dxe4 Qd4 45. Qh3+ Kb8 46. Qd3
b5 47. Kc1 b4 48. Qxd4 cxd4 49. Nd5 Nxe4 50. Nxb4 Kb7 51. Nd3 Nd6 52. Nf4 Nf5
53. Nxh5 Nxh4 54. Kd2 Kc6 55. Nf4 a5 56. Kd3 Nf3 57. Ke2 Ng5 58. Nd3 Kd5 59.
Nf2 Ne6 60. Nd3 Ng5 61. Kf2 Kd6 62. Kg3 Ne6 63. Kf3 Kd5 64. Kg4 Nc5 65. Kf5
Nxd3 66. cxd3 Kc5 67. Ke4 Kb4 68. Kxd4 Kxb3 69. Kc5 Kxa4 70. Kc4 Ka3 71. d4 a4
72. d5 Kb2 73. d6 1-0

[Event "BL 8788 Bayern-Bamberg"]
[Site "?"]
[Date "1988.??.??"]
[Round "?.6"]
[White "Hertneck, G."]
[Black "Ruehrig, V."]
[Result "1/2-1/2"]
[WhiteElo "2450"]
[BlackElo "2360"]
[PlyCount "75"]
[EventDate "1988.??.??"]

1. d4 Nf6 2. c4 c5 3. d5 g6 4. Nc3 Bg7 5. Nf3 O-O 6. g3 e6 7. Bg2 exd5 8. cxd5
Qa5 9. Nd2 d6 10. a4 a6 11. Nc4 Qc7 12. Bf4 Rd8 13. O-O Nh5 14. Bg5 Re8 15. Ne4
Bf8 16. Bd2 b6 17. f4 Bf5 18. Nf2 Nf6 19. a5 b5 20. Nb6 Ra7 21. b4 Nbd7 22. Bc3
Ne4 23. Bxe4 Bxe4 24. Ng4 Bg7 25. Qd2 f6 26. Nxd7 Qxd7 27. Nxf6+ Bxf6 28. Bxf6
Qf5 29. Bb2 h5 30. bxc5 dxc5 31. Rac1 c4 32. Qd4 Rh7 33. Rc3 Bxd5 34. Rd1 Rxe2
35. Re3 Rxe3 36. Qxe3 Qe4 37. Qxe4 Bxe4 38. Rd8+ 1/2-1/2

[Event "BL 8788 Bayern-Bamberg"]
[Site "?"]
[Date "1988.??.??"]
[Round "?.7"]
[White "Kestler, H."]
[Black "Klundt, K."]
[Result "1/2-1/2"]
[WhiteElo "2385"]
[BlackElo "2390"]
[PlyCount "66"]
[EventDate "1988.??.??"]

1. c4 Nf6 2. Nc3 g6 3. g3 Bg7 4. Bg2 O-O 5. Nf3 d6 6. O-O Nc6 7. d3 e5 8. Rb1
a5 9. a3 Nd4 10. Nxd4 exd4 11. Nd5 a4 12. Nxf6+ Bxf6 13. Bh6 Re8 14. Qd2 c6 15.
e4 dxe3 16. Bxe3 Bf5 17. b4 axb3 18. Rxb3 Re7 19. Rfb1 h5 20. h4 Bc8 21. Kh2
Kg7 22. d4 Qa5 23. Qc1 Kh7 24. d5 c5 25. Bg5 Bxg5 26. Qxg5 Qc7 27. Re3 Rxe3 28.
Qxe3 Bf5 29. Re1 Qd7 30. Qb3 Kg8 31. Re3 Rb8 32. Bf1 Ra8 33. Qb2 Re8 1/2-1/2

[Event "BL 8788 Bayern-Bamberg"]
[Site "?"]
[Date "1988.??.??"]
[Round "?.8"]
[White "Schubert, C."]
[Black "Niedermaier, H."]
[Result "1-0"]
[WhiteElo "2275"]
[BlackElo "2230"]
[PlyCount "43"]
[EventDate "1988.??.??"]

1. e4 c5 2. Nf3 Nf6 3. e5 Nd5 4. Nc3 e6 5. Ne4 Nc6 6. c4 Nb6 7. b3 Be7 8. Bb2
O-O 9. Bd3 d5 10. exd6 Bxd6 11. Nxd6 Qxd6 12. Be4 Rd8 13. O-O f6 14. Qc2 h6 15.
Bxc6 bxc6 16. d4 Nd7 17. Rad1 cxd4 18. Nxd4 e5 19. Nf5 Qc7 20. f4 Nc5 21. Nxh6+
Kf8 22. Qh7 1-0

[Event "BL 8788 Erlangen-Bayern"]
[Site "?"]
[Date "1988.??.??"]
[Round "?.1"]
[White "Ribli, Z."]
[Black "Unzicker, W."]
[Result "1-0"]
[WhiteElo "2595"]
[BlackElo "2465"]
[PlyCount "73"]
[EventDate "1988.??.??"]

1. d4 Nf6 2. c4 e6 3. Nf3 b6 4. g3 Bb7 5. Bg2 Be7 6. Nc3 O-O 7. Qc2 d5 8. cxd5
Nxd5 9. O-O Nd7 10. Nxd5 Bxd5 11. e4 Bb7 12. Rd1 Nf6 13. Ne5 Qe8 14. Be3 Rc8
15. d5 Bd6 16. Nc4 exd5 17. exd5 Qe7 18. a3 Rfe8 19. Rac1 Ng4 20. Bd4 Ba6 21.
Qa4 Bxc4 22. Qxc4 Qg5 23. Qc3 Re7 24. h3 Nf6 25. Qd2 Qxd2 26. Rxd2 Rce8 27.
Rdd1 a5 28. h4 Nd7 29. Bf1 Nc5 30. Bb5 Rd8 31. Rc3 Be5 32. Bxe5 Rxe5 33. b4
axb4 34. axb4 Ne6 35. Bc6 Re4 36. Kg2 Nf8 37. d6 1-0

[Event "BL 8788 Erlangen-Bayern"]
[Site "?"]
[Date "1988.??.??"]
[Round "?.2"]
[White "Kuligowski, A."]
[Black "Kindermann, S."]
[Result "0-1"]
[WhiteElo "2415"]
[BlackElo "2490"]
[PlyCount "88"]
[EventDate "1988.??.??"]

1. c4 Nf6 2. Nc3 g6 3. e4 d6 4. d4 Bg7 5. f3 O-O 6. Be3 Nc6 7. Nge2 a6 8. Qd2
Rb8 9. d5 Na5 10. Ng3 c5 11. Rc1 Bd7 12. b3 b5 13. e5 Ne8 14. exd6 exd6 15.
cxb5 axb5 16. h4 b4 17. Nd1 Nc7 18. Ne4 Bb5 19. Bg5 f6 20. Bf4 Re8 21. Ne3 f5
22. Nxd6 Bc3 23. Rxc3 bxc3 24. Qxc3 Nxd5 25. Qxc5 Nxf4 26. Nxe8 Bxf1 27. Qd6
Qxd6 28. Nxd6 Bxg2 29. Nxg2 Nxg2+ 30. Kf2 Rd8 31. Kxg2 Rxd6 32. Kg3 Kf7 33. Rc1
Kf6 34. b4 Nc6 35. b5 Nd4 36. Rb1 Ne2+ 37. Kf2 Nc3 38. Rb3 Nxa2 39. b6 Rd8 40.
b7 Rb8 41. Ke3 g5 42. hxg5+ Kxg5 43. Kd2 h5 44. Kc2 h4 0-1

[Event "BL 8788 Erlangen-Bayern"]
[Site "?"]
[Date "1988.??.??"]
[Round "?.3"]
[White "Bischoff, K."]
[Black "Huenerkopf, H."]
[Result "1-0"]
[WhiteElo "2460"]
[BlackElo "2255"]
[PlyCount "55"]
[EventDate "1988.??.??"]

1. Nf3 Nf6 2. c4 g6 3. Nc3 d5 4. cxd5 Nxd5 5. Qa4+ Nc6 6. Ne5 Ndb4 7. a3 Bg7 8.
axb4 Bxe5 9. b5 Nb8 10. g3 c6 11. Bg2 Bd7 12. Qe4 Bg7 13. d3 O-O 14. O-O e5 15.
Be3 a6 16. Rfc1 Be6 17. Qb4 Qd7 18. Ne4 Bd5 19. Nc5 Qd6 20. Nxa6 Qxb4 21. Nxb4
Rxa1 22. Rxa1 Bxg2 23. Kxg2 cxb5 24. Ra5 Rc8 25. Rxb5 Rc7 26. Bc5 Nc6 27. Nxc6
Rxc6 28. b4 1-0

[Event "BL 8788 Erlangen-Bayern"]
[Site "?"]
[Date "1988.??.??"]
[Round "?.6"]
[White "Hartmann, W."]
[Black "Hertneck, G."]
[Result "0-1"]
[WhiteElo "2300"]
[BlackElo "2450"]
[PlyCount "170"]
[EventDate "1988.??.??"]

1. e4 e6 2. d4 d5 3. Nc3 Bb4 4. e5 Ne7 5. a3 Bxc3+ 6. bxc3 c5 7. Nf3 Qa5 8. Bd2
Nbc6 9. a4 Bd7 10. Be2 f6 11. exf6 gxf6 12. Nh4 O-O-O 13. g3 Ng6 14. Ng2 Qc7
15. dxc5 Na5 16. O-O Ne5 17. Bf4 Qxc5 18. Qd4 Qxd4 19. cxd4 Nec4 20. Bh6 Rhg8
21. Nf4 Nb6 22. Bf3 Nc6 23. c3 Ne7 24. a5 Nc4 25. Nd3 e5 26. Nc5 Bc6 27. Bg2
Rg6 28. Bh3+ Kb8 29. Rfb1 Ka8 30. Ne6 Rc8 31. Bf8 Ng8 32. Bc5 Bd7 33. Bf5 Rg5
34. Bh3 Rg7 35. Nxg7 Bxh3 36. f3 Nd2 37. g4 e4 38. Kf2 exf3 39. Ke3 Nxb1 40.
Rxb1 Nh6 41. Kxf3 Bxg4+ 42. Kf4 Rg8 43. Rg1 b6 44. axb6 axb6 45. Bd6 Rxg7 46.
Bf8 Rg6 47. Bxh6 Rxh6 48. Rxg4 Rxh2 49. Kf5 Kb7 50. Kxf6 Kc6 51. Rg8 Rf2+ 52.
Ke5 Re2+ 53. Kf5 Rf2+ 54. Ke5 Re2+ 55. Kf5 h5 56. Rd8 h4 57. Kg4 Re4+ 58. Kh3
Rf4 59. Kg2 Rf6 60. Rh8 Kb5 61. Rxh4 Kc4 62. Rh3 b5 63. Rg3 Ra6 64. Kf2 Ra3 65.
Ke2 b4 66. Rg8 Rxc3 67. Rb8 b3 68. Kd2 Rc2+ 69. Kd1 Rh2 70. Kc1 Kc3 71. Rc8+
Kxd4 72. Rb8 Kc3 73. Rc8+ Kd3 74. Rg8 d4 75. Rg3+ Kc4 76. Rg8 Re2 77. Rc8+ Kd3
78. Rd8 Rc2+ 79. Kb1 Kc3 80. Rc8+ Kd2 81. Rb8 d3 82. Rxb3 Rc5 83. Rb8 Kd1 84.
Kb2 d2 85. Rd8 Rc2+ 0-1

[Event "BL 8788 Erlangen-Bayern"]
[Site "?"]
[Date "1988.??.??"]
[Round "?.7"]
[White "Calvo Minguez, R."]
[Black "Autenrieth, M."]
[Result "1-0"]
[WhiteElo "2380"]
[BlackElo "2355"]
[PlyCount "49"]
[EventDate "1988.??.??"]

1. d4 d6 2. e4 Nd7 3. Nf3 e5 4. Bc4 c6 5. a4 Be7 6. Nc3 Ngf6 7. O-O O-O 8. Qe2
a5 9. Rd1 Qc7 10. h3 h6 11. Be3 Nh7 12. d5 Ndf6 13. Ra3 Bd7 14. Rb3 Qc8 15. Nd2
g5 16. Bd3 Be8 17. Nc4 Nd7 18. Qf3 f6 19. Be2 Bg6 20. dxc6 Qxc6 21. Rb5 b6 22.
Nd5 Bd8 23. c3 Rb8 24. Ndxb6 Nxb6 25. Bxb6 {Rest nicht nachvollziehbar; 1-0/47}
1-0